<?xml version="1.0" encoding="UTF-8"?>
<record
    xmlns:xsi="http://www.w3.org/2001/XMLSchema-instance"
    xsi:schemaLocation="http://www.loc.gov/MARC21/slim http://www.loc.gov/standards/marcxml/schema/MARC21slim.xsd"
    xmlns="http://www.loc.gov/MARC21/slim">

  <leader>01901nam a2200289 a 4500</leader>
  <controlfield tag="001">79879</controlfield>
  <controlfield tag="003">BD-RjUL</controlfield>
  <controlfield tag="005">20220605132427.0</controlfield>
  <controlfield tag="008">030627s18931963ii            000 0 ara d</controlfield>
  <datafield tag="035" ind1=" " ind2=" ">
    <subfield code="a">(BD-RjUL)79879</subfield>
  </datafield>
  <datafield tag="040" ind1=" " ind2=" ">
    <subfield code="a">TAU</subfield>
    <subfield code="b">eng</subfield>
    <subfield code="c">BD-RjUL</subfield>
  </datafield>
  <datafield tag="041" ind1="0" ind2=" ">
    <subfield code="a">ara</subfield>
  </datafield>
  <datafield tag="082" ind1=" " ind2=" ">
    <subfield code="2">23</subfield>
    <subfield code="a">892.711082</subfield>
    <subfield code="b">TAK 1963</subfield>
  </datafield>
  <datafield tag="090" ind1=" " ind2=" ">
    <subfield code="a">892.711082</subfield>
  </datafield>
  <datafield tag="100" ind1=" " ind2=" ">
    <subfield code="a">Tabrizi,  Abu Zakaria Yahya bin Ali bin Muhammad bin Bastam Al Shaibani;  &#x627;&#x644;&#x62A;&#x628;&#x631;&#x64A;&#x632;&#x64A;,   &#x623;&#x628;&#x648; &#x632;&#x643;&#x631;&#x64A;&#x627; &#x64A;&#x62D;&#x64A;&#x649; &#x628;&#x646; &#x639;&#x644;&#x64A; &#x628;&#x646; &#x645;&#x62D;&#x645;&#x62F; &#x628;&#x646; &#x628;&#x633;&#x637;&#x627;&#x645; &#x627;&#x644;&#x634;&#x64A;&#x628;&#x627;&#x646;&#x64A;&#x61B;</subfield>
    <subfield code="9">3289</subfield>
  </datafield>
  <datafield tag="130" ind1="0" ind2=" ">
    <subfield code="a">&#x627;&#x644;&#x645;&#x639;&#x644;&#x642;&#x627;&#x62A;</subfield>
    <subfield code="9">3290</subfield>
  </datafield>
  <datafield tag="245" ind1="1" ind2="5">
    <subfield code="a">&#x643;&#x62A;&#x627;&#x628; &#x634;&#x631;&#x62D; &#x627;&#x644;&#x642;&#x635;&#x627;&#x626;&#x62F; &#x627;&#x644;&#x639;&#x634;&#x631; :[Kit&#x101;b Shar&#x1E25; al-qa&#x1E63;&#x101;&#x2BC;id al-&#x2BB;ashr] : </subfield>
    <subfield code="b">&#x648;&#x647;&#x64A; &#x627;&#x644;&#x633;&#x628;&#x639; &#x627;&#x644;&#x645;&#x639;&#x644;&#x642;&#x627;&#x62A; &#x648;&#x642;&#x635;&#x64A;&#x62F;&#x629; &#x627;&#x644;&#x627;&#x639;&#x634;&#x649; &#x627;&#x644;&#x644;&#x627;&#x645;&#x64A;&#x629; &#x648;&#x642;&#x635;&#x64A;&#x62F;&#x629; &#x627;&#x644;&#x646;&#x627;&#x628;&#x63A;&#x629; &#x627;&#x644;&#x62F;&#x627;&#x644;&#x64A;&#x629; &#x648;&#x642;&#x635;&#x64A;&#x62F;&#x629; &#x639;&#x628;&#x64A;&#x62F; &#x628;&#x646; &#x627;&#x644;&#x627;&#x628;&#x631;&#x635; &#x627;&#x644;&#x628;&#x627;&#x626;&#x64A;&#x629; /wa-hiya al-sab&#x2BB; al-mu&#x2BB;allaq&#x101;t wa-qa&#x1E63;&#x12B;dat al-A&#x2BB;sh&#xE1; al-L&#x101;m&#x12B;yah wa-qa&#x1E63;&#x12B;dat al-N&#x101;bighah al-D&#x101;l&#x12B;yah wa-qa&#x1E63;&#x12B;dat &#x2BB;Ubayd Ibn al-Abra&#x1E63; al-B&#x101;&#x2BC;&#x12B;yah /</subfield>
    <subfield code="c">[Abu Zakaria Yahya bin Ali bin Muhammad bin Bastam al-Shaibani al-Tabrizi; He took care of his printing by interviewing copies by Charles Jacob Lyle ] &#x62A;&#x635;&#x646;&#x64A;&#x641; &#x627;&#x628;&#x648; &#x632;&#x643;&#x631;&#x64A;&#x627; &#x64A;&#x62D;&#x64A;&#x649; &#x628;&#x646; &#x639;&#x644;&#x64A; &#x628;&#x646; &#x645;&#x62D;&#x645;&#x62F; &#x628;&#x646; &#x628;&#x633;&#x637;&#x627;&#x645; &#x627;&#x644;&#x634;&#x64A;&#x628;&#x627;&#x646;&#x64A; &#x627;&#x644;&#x62A;&#x628;&#x631;&#x64A;&#x632;&#x64A;&#x61B; &#x648;&#x642;&#x62F; &#x627;&#x639;&#x62A;&#x646;&#x649; &#x628;&#x637;&#x628;&#x639;&#x647; &#x628;&#x645;&#x642;&#x627;&#x628;&#x644;&#x629; &#x627;&#x644;&#x646;&#x633;&#x62E; &#x643;&#x627;&#x631;&#x644;&#x633; &#x64A;&#x639;&#x642;&#x648;&#x628; &#x644;&#x627;&#x64A;&#x644;</subfield>
  </datafield>
  <datafield tag="260" ind1=" " ind2=" ">
    <subfield code="a">&#x643;&#x644;&#x643;&#x62A;&#x629; :</subfield>
    <subfield code="b">&#x62F;&#x627;&#x631; &#x627;&#x644;&#x627;&#x645;&#x627;&#x631;&#x629;&#x60C;</subfield>
    <subfield code="c">1963</subfield>
  </datafield>
  <datafield tag="260" ind1=" " ind2=" ">
    <subfield code="a">Calcutta :</subfield>
    <subfield code="b"> Asiatic Society of Bengal, </subfield>
    <subfield code="c">1963.</subfield>
  </datafield>
  <datafield tag="300" ind1=" " ind2=" ">
    <subfield code="a">&#x661;&#x666;&#x664; &#x60C; VII &#x635;</subfield>
    <subfield code="c">27 cm</subfield>
  </datafield>
  <datafield tag="500" ind1=" " ind2=" ">
    <subfield code="a">&#x644;&#x644;&#x643;&#x62A;&#x627;&#x628; &#x639;&#x646;&#x648;&#x627;&#x646; &#x622;&#x62E;&#x631; &#x628;&#x627;&#x644;&#x627;&#x646;&#x62C;&#x644;&#x64A;&#x632;&#x64A;&#x629;</subfield>
  </datafield>
  <datafield tag="500" ind1=" " ind2=" ">
    <subfield code="a">&#x627;&#x644;&#x646;&#x633;&#x62E;&#x629; &#x627;&#x644;&#x62B;&#x627;&#x646;&#x64A;&#x629; &#x647;&#x64A; &#x647;&#x62F;&#x64A;&#x629; &#x62F;&#x627;&#x646;&#x64A;&#x627;&#x644; &#x628;&#x627;&#x64A;&#x628;&#x633; &#x644;&#x644;&#x645;&#x643;&#x62A;&#x628;&#x629;</subfield>
  </datafield>
  <datafield tag="650" ind1=" " ind2="4">
    <subfield code="a">Arabic poetry</subfield>
    <subfield code="y">To 622.</subfield>
    <subfield code="9">259</subfield>
  </datafield>
  <datafield tag="700" ind1="1" ind2=" ">
    <subfield code="a">&#x627;&#x644;&#x62A;&#x628;&#x631;&#x64A;&#x632;&#x64A;&#x60C; &#x64A;&#x62D;&#x64A;&#x649; &#x628;&#x646; &#x639;&#x644;&#x64A;&#x60C;</subfield>
    <subfield code="d">&#x645;. &#x661;&#x661;&#x660;&#x669;</subfield>
    <subfield code="9">3291</subfield>
  </datafield>
  <datafield tag="700" ind1="1" ind2=" ">
    <subfield code="a">&#x644;&#x627;&#x64A;&#x644;&#x60C; &#x643;&#x627;&#x631;&#x644;&#x633; &#x64A;&#x639;&#x642;&#x648;&#x628;</subfield>
    <subfield code="9">3292</subfield>
  </datafield>
  <datafield tag="942" ind1=" " ind2=" ">
    <subfield code="2">ddc</subfield>
    <subfield code="c">BK</subfield>
  </datafield>
  <datafield tag="999" ind1=" " ind2=" ">
    <subfield code="c">79879</subfield>
    <subfield code="d">79879</subfield>
  </datafield>
  <datafield tag="952" ind1=" " ind2=" ">
    <subfield code="0">0</subfield>
    <subfield code="1">0</subfield>
    <subfield code="2">ddc</subfield>
    <subfield code="4">0</subfield>
    <subfield code="7">1</subfield>
    <subfield code="8">NFIC</subfield>
    <subfield code="a">RUCL</subfield>
    <subfield code="b">RUCL</subfield>
    <subfield code="c">Reading</subfield>
    <subfield code="d">2022-06-05</subfield>
    <subfield code="e">Zeitlinger</subfield>
    <subfield code="o">A 892.711082 TAK 1965</subfield>
    <subfield code="r">2022-05-30 00:00:00</subfield>
    <subfield code="t">C-1</subfield>
    <subfield code="y">BK</subfield>
  </datafield>
</record>
